Countries with the Most Medals in the Summer Olympics - Statistics

General Stats
  • This quiz has been taken 43 times
  • The average score is 13 of 15
Answer Stats
# Of Gold Medals Country % Correct
2,250 United States of America
100%
1,681 Germany
98%
1,865 Russia
98%
497 Australia
95%
713 France
95%
847 United Kingdom
95%
543 China
93%
577 Italy
90%
439 Japan
90%
301 Canada
86%
285 Netherlands
79%
494 Sweden
79%
306 Romania
62%
491 Hungary
60%
303 Finland
57%
No matching quizzes found
Score Distribution
Percent of People with Each Score
Percentile by Number Answered
Your Score History
You have not taken this quiz